| 000 | 01466nam a22005657a 4500 | ||
|---|---|---|---|
| 003 | OSt | ||
| 008 | 140425b xxu||||| |||| 00| 0 eng d | ||
| 100 | 1 | _aChang, Paul Ke-Shing | |
| 041 | _aeng | ||
| 245 | 1 | 0 | _aHistory of postal cancellation of China, Part I |
| 260 |
_aSan Francisco _bChang, Paul Ke-Shing |
||
| 300 | _a306 pages | ||
| 650 | 0 | _aChina | |
| 650 | 0 | _aPostal Markings | |
| 650 | 0 | _aSlogan | |
| 650 | 0 | _aPostal History | |
| 650 | 0 | _aCovers | |
| 650 | 0 | _a1872-1949 | |
| 650 | 0 | _a19th Century | |
| 650 | 0 | _a20th Century | |
| 650 | 0 | _aFee Paid Mail | |
| 650 | 0 | _aPostage Dues | |
| 650 | 0 | _aCustoms Markings | |
| 650 | 0 | _aLocals and Private Posts | |
| 650 | 0 | _aShanghai | |
| 650 | 0 | _aTreaty Ports | |
| 650 | 0 | _aPost Offices | |
| 650 | 0 | _aRegistered Mail | |
| 650 | 0 | _aPost Office Seals and Labels | |
| 650 | 0 | _aSeals and Labels | |
| 650 | 0 | _aMilitary Mail | |
| 650 | 0 | _aCensored Mail | |
| 650 | 0 | _aPrisoner-of-War and Internee Mail | |
| 650 | 0 | _aMachine Cancels | |
| 650 | 0 | _aPropaganda | |
| 650 | 0 | _aMetered Mail | |
| 650 | 0 | _aMobile Post Offices | |
| 650 | 0 | _aRailway Mail | |
| 650 | 0 | _aAir Mail | |
| 650 | 0 | _aShipping Companies and Packet Service | |
| 650 | 0 | _aMaritime Mail | |
| 650 | 0 | _aUndeliverable Mail | |
| 650 | 0 | _aFree Franks | |
| 650 | 0 | _aOfficial Mail | |
| 650 | 0 | _aPostal Laws and Regulations | |
| 650 | 0 | _aCollections | |
| 650 | 0 | _aFormosa | |
| 650 | 0 | _aTaiwan | |
| 650 | 0 | _aTibet | |
| 999 |
_c566 _d566 |
||